Buteurs ligue des champions 2022-2023 - Statistiques

Statistiques générales
  • Ce quiz a été pris 88 fois
  • Le résultat moyen est 56 sur 186
Statistiques - réponses
But Joueur Team % Correct
8 Mohamed Salah Liverpool
85%
1 Harry Kane Tottenham
79%
4 Karim Benzema Real Madrid
77%
7 Kylian Mbappe PSG
77%
12 Erling Haaland Manchester City
74%
4 Lionel Messi PSG
74%
2 Neymar PSG
73%
5 Victor Osimhen Napoli
73%
7 Vinicius Real Madrid
73%
4 Darwin Nunez Liverpool
71%
2 Heung Min Son Tottenham
71%
2 Kevin De Bruyne Manchester City
71%
5 Rodrygo Real Madrid
71%
5 Robert Lewandowski Barcelona
70%
3 Sadio Mané Bayern
70%
1 Antoine Griezmann Atletico Madrid
67%
3 Bernardo Silva Manchester City
67%
2 Luka Modric Real Madrid
67%
5 Olivier Giroud Milan
65%
4 Leroy Sané Bayern
64%
2 Alexis Sanchez Marseille
62%
2 Khvicha Kvaratskhelia Napoli
62%
3 Lautaro Martinez Inter
62%
2 Moussa Diaby Leverkusen
62%
1 Rodri Manchester City
62%
3 André Silva Leipzig
61%
2 Antonio Silva Benfica
61%
1 Brahim Diaz Milan
61%
1 Luis Diaz Liverpool
61%
2 Roberto Firmino Liverpool
61%
1 Ousmane Dembélé Barcelona
58%
2 Sege Gnabry Bayern
58%
3 Goncalo Ramos Benfica
56%
1 Lucas Hernandez Bayern
56%
1 Phil Foden Manchester City
56%
1 Rafael Leao Milan
56%
2 Randal Kolo Muani Frankfurt
55%
3 Riyad Mahrez Manchester City
55%
3 Romelu Lukaku Inter
55%
3 Christopher Nkunku Leipzig
53%
1 Ilkay Gundogan Manchester City
53%
2 Jota Celtic
53%
1 Thomas Müller Bayern
53%
2 Kai Havertz Chelsea
52%
1 Ruben Dias Manchester City
52%
4 Choupo Moting Bayern
50%
1 Eder Militao Real Madrid
48%
1 Edson Alvarez Ajax
48%
1 Joshua Kimmich Bayern
48%
3 Julian Alvarez Manchester City
48%
2 Mattéo Guendouzi Marseille
48%
1 Antonio Rüdiger Real Madrid
47%
2 Chancel Mbemba Marseille
47%
4 Edin Dzeko Inter
47%
3 Marco Asensio Real Madrid
47%
2 Benjamin Pavard Bayern
45%
1 Dusan Vlahovic Juventus
45%
1 John Stones Manchester City
45%
2 Frederico Valverde Real Madrid
44%
1 Marco Reus Dortmund
44%
3 Raheem Sterling Chelsea
44%
3 Ferran Torres Barcelona
42%
3 Nicolo Barella Inter
42%
1 Trent Alexander Arnold Liverpool
42%
1 Kingsley Coman Bayern
41%
2 Leon Goretzka Bayern
41%
1 Pablo Torre Barcelona
41%
2 Richarlison Tottenham
41%
4 Jude Bellingham Dortmund
39%
5 Mehdi Taremi Porto
39%
2 Timo Werner Leipzig
39%
2 Pierre Emerick Aubameyang Chelsea
35%
1 Yannick Carrasco Atletico Madrid
35%
1 Nuno Mendes PSG
33%
1 Tanguy Ndombélé Napoli
33%
1 Amine Harit Marseille
32%
2 Giovanni Di Lorenzo Napoli
32%
1 Henrique Araujo Benfica
32%
3 Mykhaylo Mudryk Chelsea
32%
2 Adrien Rabiot Juventus
30%
1 Franck Anguissa Napoli
30%
6 Joao Mario Benfica
30%
1 Maneul Akanji Manchester City
30%
4 Piotr Zielinski Napoli
30%
1 Carlos Soler PSG
29%
2 Henrikh Mkhitaryan Inter
29%
1 Ismael Bennacer Milan
27%
1 Joaquin Correa Inter
27%
1 Eden Hazard Real Madrid
26%
1 Julian Brandt Dortmund
26%
2 Karim Adeyemi Dortmund
26%
1 Matteo Politano Napoli
26%
1 Reece James Chelsea
26%
1 Thorgan Hazard Dortmund
26%
3 David Neres Benfica
24%
1 Denzel Dumfries Inter
24%
4 Giovanni Simeone Napoli
24%
1 Hakan Calhanoglu Inter
24%
1 Hirving Lozano Napoli
24%
1 James Tavernier Rangers
24%
1 Joël Matip Liverpool
24%
1 Mateo Kovacic Chelsea
24%
2 Arkadiusz Milik Juventus
23%
4 Mohammed Kudus Ajax
23%
1 Moise Kean Juventus
23%
4 Giacomo Raspadori Napoli
21%
3 Kamada Frankfurt
21%
1 Rodrigo De Paul Atletico Madrid
21%
2 Mislav Orsic Dinamo Zagreb
20%
1 Pierre Emile Hojbjerg Tottenham
20%
1 Rafa Mir Sevilla
20%
1 Franck Kessié Barcelona
18%
1 Junior Messias Milan
18%
1 Rodrigo Bentancur Tottenham
18%
2 Steven Bergwijn Ajax
18%
1 Emil Forsberg Leipzig
17%
2 Harvey Elliott Liverpool
17%
1 Rico Lewis Manchester City
17%
1 Wesley Fofana Chelsea
17%
2 Alejandro Grimaldo Benfica
15%
1 Jorginho Chelsea
15%
1 Rade Krunic Milan
15%
5 Rafa Benfica
15%
1 Clement Lenglet Tottenham
14%
3 Noah Okafor RB Salzburg
14%
2 Francisco Trincao Sporting
12%
1 Davy Klaassen Ajax
11%
1 Dominik Szoboszlai Leipzig
11%
1 Isco Sevilla
11%
2 Josko Gvardiol Leipzig
11%
1 Leonardo Balerdi Marseille
11%
1 Leonardo Bonucci Juventus
11%
1 Mohamed Simakan Leipzig
11%
2 Raphaël Guerreiro Dortmund
11%
2 Steven Berghuis Ajax
11%
2 Weston McKennie Juventus
11%
2 Ferran Jutgla Brugge
9%
1 Lassina Traoré Shakhtar
9%
2 Marcus Edwards Sporting
9%
1 Nuno Sanches Sporting
9%
1 Jesper Lindstrom Frankfurt
8%
1 Robert Andrich Leverkusen
8%
1 Robin Gosens Inter
8%
2 Youssef En-Neysri Sevilla
8%
2 Arthur Gomes Sporting
6%
1 Bruno Petkovic Dinamo Zagreb
6%
1 Chukwubuike Adamu RB Salzburg
6%
1 Leo Ostigard Napoli
6%
1 Mario Hermoso Atletico Madrid
6%
1 Paulinho Sporting
6%
2 Peter Musa Benfica
6%
1 Fredrik Aursnes Benfica
5%
2 Kamal Sowah Brugge
5%
1 Marcos Alonso Barcelona
5%
1 Mateus Uribe Porto
5%
2 Stephen Eustaquio Porto
5%
2 Wenderson Galeno Porto
5%
2 Alexis Saelmaekers Milan
3%
1 Antonio Nusa Brugge
3%
1 Evanilson Porto
3%
1 Francisco Conceicao Ajax
3%
1 Gonzalo Montiel Sevilla
3%
1 Hakon Arnar Haraldsson Kobenhavn
3%
1 Scott Arfield Rangers
3%
1 Tanguy Nianzou Sevilla
3%
1 Tommaso Pobega Milan
3%
1 Abakar Sylla Brugge
2%
1 Andreas Skov Olsen Brugge
2%
1 Callum Hudson Odoi Leverkusen
2%
1 Jan Sykora Plzen
2%
2 Marian Shved Shakhtar
2%
1 Nicolas Seiwald RB Salzburg
2%
2 Omer Atzili Maccabi Haifa
2%
2 Tjaronn Chery Maccabi Haifa
2%
1 Zaidu Sanusi Porto
2%
1 Adam Vlkanova Plzen
0%
1 Bjorn Meijer Brugge
0%
2 Daniel Sundgren Maccabi Haifa
0%
1 Denis Zakaria Chelsea
0%
1 Faride Alidou Frankfurt
0%
1 Giorgos Giakoumakis Celtic
0%
1 Jan Kliment Plzen
0%
1 Matteo Gabbia Milan
0%
2 Oleksandr Zubkov Shakhtar
0%
1 Robert Ljubicic Dinamo Zagreb
0%
2 Tomas Chory Plzen
0%
Aucun quiz correspondant
Distribution des résultats
% des personnes avec chaque résultat
Percentile par nombre de réponses
Votre historique - résultats
Vous n’avez pas pris ce quiz